[Event "Bayern-chI Bank Hofmann 24th"]
[Site "Tegernsee"]
[Date "2021.11.01"]
[Round "3"]
[White "Wachinger, Nikolas"]
[Black "Kroneder, Christian"]
[Result "1-0"]
[WhiteElo "2313"]
[BlackElo "2049"]
[PlyCount "75"]
[EventDate "2021.10.30"]
[EventType "swiss"]
[EventRounds "9"]
[EventCountry "GER"]
[SourceTitle "CBM 205 Extra"]
[Source "ChessBase"]
[SourceDate "2022.01.31"]
[SourceVersion "1"]
[SourceVersionDate "2022.01.31"]
[SourceQuality "1"]

1. e4 e5 2. Nf3 Nc6 3. Bb5 a6 4. Ba4 Nf6 5. 0-0 Nxe4 6. d4 b5 7. Bb3 d5 8. dxe5 Be6 9. Qe2 Be7 10. Rd1 0-0 11. c4 bxc4 12. Bxc4 Bc5 13. Be3 Bxe3 14. Qxe3 Qb8 15. Bb3 Rd8 16. Nc3 Nxc3 17. Qxc3 Ne7 18. Qc5 Rd7 19. Nd4 Qb6 20. Rac1 Ng6 21. Nxe6 fxe6 22. Rxd5 Rxd5 23. Bxd5 Qxc5 24. Bxe6+ Kf8 25. Rxc5 Re8 26. Bc4 Nxe5 27. Bxa6 Re6 28. Bf1 c6 29. a4 Ke7 30. a5 Kd6 31. b4 Nd7 32. Rc1 Re4 33. b5 cxb5 34. Bxb5 Nc5 35. a6 Re7 36. Rd1+ Kc7 37. a7 Kb7 38. Ra1 1-0

[Event "Erfurt op-A 29th"]
[Site "Erfurt"]
[Date "2019.12.29"]
[Round "6"]
[White "Reinecke, Katharina"]
[Black "Kroneder, Christian"]
[Result "0-1"]
[WhiteElo "1936"]
[BlackElo "2045"]
[PlyCount "62"]
[EventDate "2019.12.26"]
[EventType "swiss"]
[EventRounds "8"]
[EventCountry "GER"]
[SourceTitle "CBM 194 Extra"]
[Source "ChessBase"]
[SourceDate "2020.03.31"]
[SourceVersion "1"]
[SourceVersionDate "2020.03.31"]
[SourceQuality "1"]

1. d4 d5 2. Nf3 Nf6 3. g3 c6 4. Bg2 Bg4 5. 0-0 Nbd7 6. b3 e6 7. Nbd2 Be7 8. Bb2 0-0 9. c4 Rc8 10. Re1 h6 11. Nh4 Nh7 12. h3 Bh5 13. Nhf3 f5 14. Ne5 Nxe5 15. dxe5 Bc5 16. Qc2 Qb6 17. e3 Ng5 18. a4 a5 19. Ba3 Bxa3 20. Rxa3 Ne4 21. Nf1 Nc5 22. f4 Rfd8 23. Nd2 Na6 24. Kh2 Nb4 25. Qc3 d4 26. exd4 Qxd4 27. Qxd4 Rxd4 28. Nf3 Bxf3 29. Bxf3 Nc2 30. Raa1 Nxa1 31. Rxa1 Rcd8 0-1

[Event "Erfurt op-A 29th"]
[Site "Erfurt"]
[Date "2019.12.27"]
[Round "3"]
[White "Kroneder, Christian"]
[Black "Heyder, Florian"]
[Result "0-1"]
[WhiteElo "2045"]
[BlackElo "2205"]
[PlyCount "94"]
[EventDate "2019.12.26"]
[EventType "swiss"]
[EventRounds "8"]
[EventCountry "GER"]
[SourceTitle "CBM 194 Extra"]
[Source "ChessBase"]
[SourceDate "2020.03.31"]
[SourceVersion "1"]
[SourceVersionDate "2020.03.31"]
[SourceQuality "1"]

1. d4 e6 2. Bf4 Nf6 3. e3 c5 4. c3 d5 5. Nf3 Nc6 6. Nbd2 Bd6 7. Bg3 0-0 8. Bd3 Re8 9. Ne5 Bxe5 10. dxe5 Nd7 11. f4 c4 12. Bc2 Qb6 13. 0-0 Qxb2 14. Nf3 Nf8 15. Rc1 Qxa2 16. Ng5 Ne7 17. Qh5 g6 18. Qf3 Qa5 19. Bf2 h6 20. Nh3 b5 21. g4 Qc7 22. Bh4 Bb7 23. Qg3 Nh7 24. Bf6 Kf8 25. Qh4 Ng8 26. f5 exf5 27. Bxf5 gxf5 28. Rxf5 Nhxf6 29. exf6 d4 30. Ng5 Rxe3 31. Nh7+ Ke8 32. cxd4 Qc6 33. d5 Qb6 34. Kf1 Qd4 35. Qf2 Kd7 36. g5 Rae8 37. g6 Bxd5 38. gxf7 Bxf7 39. Rxb5 Qe4 40. Qf5+ Qxf5+ 41. Rxf5 Bg6 42. Ra5 Bxh7 43. Rxa7+ Ke6 44. Rxh7 Nxf6 45. Rxh6 Re4 46. Ra1 Kf5 47. Ra5+ R8e5 0-1

[Event "Mittelfranken-chTB2b 1920"]
[Site "Mittelfranken"]
[Date "2019.12.01"]
[Round "3.1"]
[White "Wagner, Hans1"]
[Black "Kroneder, Christian"]
[Result "1-0"]
[WhiteElo "2068"]
[BlackElo "1993"]
[PlyCount "53"]
[EventDate "2019.10.13"]
[EventType "team-tourn"]
[EventRounds "9"]
[EventCountry "GER"]
[SourceTitle "EXT 2023"]
[Source "ChessBase"]
[SourceDate "2022.10.05"]
[SourceVersion "1"]
[SourceVersionDate "2022.10.05"]
[SourceQuality "1"]
[WhiteTeam "Stein SC"]
[BlackTeam "Schwanstetten"]
[WhiteTeamCountry "GER"]
[BlackTeamCountry "GER"]

1. e4 c5 2. Nf3 d6 3. d4 cxd4 4. Nxd4 Nf6 5. Nc3 a6 6. f4 e5 7. Nf3 Qc7 8. Bd3 Be7 9. 0-0 0-0 10. a4 Be6 11. Kh1 Nbd7 12. Qe2 Rac8 13. fxe5 dxe5 14. Nh4 Nc5 15. Nf5 Bxf5 16. Rxf5 Ne6 17. Be3 Bc5 18. Rxf6 gxf6 19. Nd5 Qd8 20. Bh6 Re8 21. Rf1 Be7 22. Qh5 Rc6 23. Rf3 Qa5 24. h3 Qe1+ 25. Kh2 Nf8 26. Bxf8 Bxf8 27. Rg3+ 1-0

[Event "Nuremberg op"]
[Site "Nuremberg"]
[Date "2019.11.16"]
[Round "3"]
[White "Kroneder, Christian"]
[Black "Oram, Thomas"]
[Result "1-0"]
[WhiteElo "2024"]
[BlackElo "1569"]
[PlyCount "53"]
[EventDate "2019.11.15"]
[EventType "swiss"]
[EventRounds "5"]
[EventCountry "GER"]
[SourceTitle "CBM 193 Extra"]
[Source "ChessBase"]
[SourceDate "2020.01.31"]
[SourceVersion "1"]
[SourceVersionDate "2020.01.31"]
[SourceQuality "1"]

1. d4 Nf6 2. Bf4 d6 3. Nf3 g6 4. Nc3 Bg7 5. Qd2 Nfd7 6. Bh6 Bf6 7. e4 c5 8. 0-0-0 cxd4 9. Nxd4 Nc5 10. f4 Bg4 11. Bb5+ Nbd7 12. Rde1 a6 13. Bxd7+ Bxd7 14. e5 Bh4 15. g3 dxe5 16. fxe5 e6 17. gxh4 Qxh4 18. Bg5 Qh5 19. b4 Na4 20. Ne4 Qh3 21. Re3 Qxe3 22. Qxe3 Bb5 23. Nf6+ Kf8 24. Rd1 Rc8 25. Nxb5 axb5 26. Bh6+ Ke7 27. Rd7# 1-0

[Event "Mittelfranken-chTB2b 1819"]
[Site "Mittelfranken"]
[Date "2019.02.10"]
[Round "5.2"]
[White "Kroneder, Christian"]
[Black "Luther, Helmut"]
[Result "1/2-1/2"]
[WhiteElo "2011"]
[BlackElo "1947"]
[PlyCount "95"]
[EventDate "2018.10.14"]
[EventType "team-tourn"]
[EventRounds "9"]
[EventCountry "GER"]
[SourceTitle "EXT 2022"]
[Source "ChessBase"]
[SourceDate "2021.10.06"]
[SourceVersion "1"]
[SourceVersionDate "2021.10.06"]
[SourceQuality "1"]
[WhiteTeam "Schwanstetten"]
[BlackTeam "Nuernberg Sued SW III"]
[WhiteTeamCountry "GER"]
[BlackTeamCountry "GER"]

1. d4 Nf6 2. Bf4 g6 3. Nc3 d6 4. Qd2 Bg7 5. Bh6 0-0 6. Bxg7 Kxg7 7. Nf3 a6 8. e4 c5 9. Bd3 cxd4 10. Nxd4 b5 11. 0-0 Bb7 12. Qg5 Nbd7 13. Rae1 Ne5 14. Re3 Nxd3 15. cxd3 e5 16. Nf5+ Kh8 17. Rg3 Nh5 18. Qh6 Rg8 19. Rh3 Bc8 20. Nxd6 Qxd6 21. Rxh5 Rg7 22. d4 exd4 23. Rd5 Qb4 24. Rd8+ Rg8 25. Qg5 Rxd8 26. Qxd8+ Kg7 27. Nd5 Qc5 28. Qf6+ Kg8 29. Qd8+ Kg7 30. Rd1 Bg4 31. Qf6+ Kg8 32. Qxd4 Qxd4 33. Rxd4 Be6 34. Nc3 Kf8 35. f3 h5 36. Kf2 Ke7 37. Ke3 f6 38. a4 Bc4 39. f4 Rc8 40. axb5 axb5 41. g3 b4 42. Na4 Rc6 43. h4 b3 44. Nc3 Be6 45. Rb4 Rd6 46. Rb7+ Kf8 47. Ne2 Rd1 48. Nc3 1/2-1/2

[Event "Mittelfranken-chT2b 1617"]
[Site "Mittelfranken"]
[Date "2016.11.27"]
[Round "3.1"]
[White "Kroneder, Christian"]
[Black "Frank, Werner"]
[Result "1-0"]
[WhiteElo "1979"]
[BlackElo "1822"]
[PlyCount "41"]
[EventDate "2016.10.23"]
[EventType "team-tourn"]
[EventRounds "9"]
[EventCountry "GER"]
[SourceTitle "EXT 2022"]
[Source "ChessBase"]
[SourceDate "2021.10.06"]
[SourceVersion "1"]
[SourceVersionDate "2021.10.06"]
[SourceQuality "1"]
[WhiteTeam "Schwanstetten"]
[BlackTeam "Lauf SV II"]
[WhiteTeamCountry "GER"]
[BlackTeamCountry "GER"]

1. e4 e5 2. Nf3 d6 3. d4 f5 4. Nc3 fxe4 5. Nxe4 d5 6. Nc3 e4 7. Ne5 g6 8. f3 Bb4 9. Bd2 Bxc3 10. bxc3 Nf6 11. c4 c6 12. cxd5 exf3 13. Qxf3 0-0 14. Bh6 Re8 15. Bd3 Bg4 16. Qf2 Qa5+ 17. Bd2 Qd8 18. 0-0 Nbd7 19. Bg5 Rf8 20. Qg3 Qb6 21. Nxd7 1-0

[Event "Mittelfranken-chT2b 1617"]
[Site "Mittelfranken"]
[Date "2016.10.23"]
[Round "1.1"]
[White "Kroneder, Christian"]
[Black "Kornitzky, Tino"]
[Result "1-0"]
[WhiteElo "1979"]
[BlackElo "1931"]
[PlyCount "95"]
[EventDate "2016.10.23"]
[EventType "team-tourn"]
[EventRounds "9"]
[EventCountry "GER"]
[SourceTitle "EXT 2022"]
[Source "ChessBase"]
[SourceDate "2021.10.06"]
[SourceVersion "1"]
[SourceVersionDate "2021.10.06"]
[SourceQuality "1"]
[WhiteTeam "Schwanstetten"]
[BlackTeam "Erlangen SC III"]
[WhiteTeamCountry "GER"]
[BlackTeamCountry "GER"]

1. e4 c5 2. Nf3 d6 3. d4 cxd4 4. Nxd4 Nf6 5. Nc3 g6 6. Be3 Bg7 7. f3 0-0 8. Qd2 Nc6 9. g4 Nxd4 10. Bxd4 Be6 11. Nd5 Bxd5 12. exd5 Rc8 13. 0-0-0 Qc7 14. c3 Qa5 15. g5 Nh5 16. Bxg7 Nxg7 17. Kb1 Qc5 18. Bh3 Rc7 19. Rhe1 a5 20. Qd4 Qxd4 21. Rxd4 b5 22. Rde4 Re8 23. a4 bxa4 24. Rxa4 Rc5 25. Bd7 Rd8 26. Bc6 Nf5 27. Ree4 e6 28. b4 axb4 29. cxb4 Rc3 30. b5 exd5 31. Bxd5 Rb8 32. Reb4 Rd3 33. Ra8 Rd1+ 34. Kb2 Rxa8 35. Bxa8 Re1 36. Be4 d5 37. b6 Nd6 38. Bxd5 Re2+ 39. Kc3 Rxh2 40. b7 Nxb7 41. Rxb7 h6 42. gxh6 Rxh6 43. Rxf7 Kh8 44. Kd4 g5 45. Ke5 Rh5 46. Kf6 g4 47. Rf8+ Kh7 48. Be4+ 1-0

[Event "Forchheim op-A 14th"]
[Site "Forchheim"]
[Date "2015.10.04"]
[Round "4"]
[White "Kroneder, Christian"]
[Black "Koehler, Gerhard"]
[Result "1/2-1/2"]
[WhiteElo "2045"]
[BlackElo "2178"]
[PlyCount "126"]
[EventDate "2015.10.02"]
[EventType "swiss"]
[EventRounds "5"]
[EventCountry "GER"]
[SourceTitle "EXT 2019"]
[Source "ChessBase"]
[SourceDate "2018.10.10"]
[SourceVersion "1"]
[SourceVersionDate "2018.10.10"]
[SourceQuality "1"]

1. e4 c5 2. Nf3 e6 3. d4 cxd4 4. Nxd4 a6 5. Nc3 Qc7 6. g3 Bb4 7. Bd2 Nf6 8. Bg2 Nc6 9. Nb3 Ne5 10. 0-0 Be7 11. f4 Nc4 12. e5 Ng8 13. Ne4 f5 14. Nc3 Nxb2 15. Qe2 Nc4 16. Be1 Rb8 17. g4 Nh6 18. gxf5 Nxf5 19. Be4 0-0 20. Qd3 Nb2 21. Qh3 b5 22. Bxf5 Rxf5 23. Nd5 Bc5+ 24. Bf2 Bxf2+ 25. Rxf2 Qd8 26. Nf6+ Rxf6 27. exf6 Qxf6 28. f5 e5 29. Re1 Bb7 30. Nc5 d6 31. Nxb7 Rxb7 32. Qf3 Qf7 33. f6 gxf6 34. Ref1 Nc4 35. Rg2+ Kf8 36. Qh3 Ke7 37. Qc8 Rd7 38. Rf3 d5 39. Rfg3 Nd6 40. Qc5 Ke6 41. Rd3 Nc4 42. Qc6+ Rd6 43. Qc8+ Qd7 44. Qg8+ Qf7 45. Qc8+ Ke7 46. Rdg3 Nb6 47. Qxa6 Qh5 48. h3 Qd1+ 49. Kh2 Qf1 50. Qb7+ Ke6 51. Qxh7 Qf4 52. Kh1 Rd7 53. Qg8+ Kd6 54. Qf8+ Kc6 55. Rc3+ Nc4 56. Qc8+ Rc7 57. Qe6+ Kc5 58. Qe8 d4 59. Qf8+ Kc6 60. Qa8+ Kb6 61. Qb8+ Rb7 62. Qd8+ Kc6 63. Qe8+ Kb6 1/2-1/2

[Event "Mittelfranken-chTB2b 1415"]
[Site "Mittelfranken"]
[Date "2014.11.16"]
[Round "3.2"]
[White "Kroneder, Christian"]
[Black "Gallardo Estrella, Alvaro"]
[Result "1-0"]
[WhiteElo "2019"]
[BlackElo "2055"]
[PlyCount "109"]
[EventDate "2014.09.28"]
[EventType "team-tourn"]
[EventRounds "9"]
[EventCountry "GER"]
[SourceTitle "EXT 2020"]
[Source "ChessBase"]
[SourceDate "2019.10.17"]
[SourceVersion "1"]
[SourceVersionDate "2019.10.17"]
[SourceQuality "1"]
[WhiteTeam "Schwanstetten"]
[BlackTeam "Neumarkt"]
[WhiteTeamCountry "GER"]
[BlackTeamCountry "GER"]

1. e4 d6 2. d4 g6 3. Nc3 Bg7 4. Be3 e6 5. Qd2 Nd7 6. Nf3 b6 7. Bg5 f6 8. Be3 Bb7 9. 0-0-0 a6 10. h4 h5 11. Bd3 e5 12. Bc4 Nh6 13. dxe5 Nxe5 14. Nxe5 fxe5 15. Be6 Ng4 16. Bg5 Nf6 17. f4 exf4 18. e5 dxe5 19. Qe2 Qe7 20. Qxe5 Bc8 21. Nd5 Nxd5 22. Bxe7 Bxe5 23. Bxd5 Rb8 24. Bg5 Bd6 25. Rde1+ Kf8 26. Rhf1 Bf5 27. Bxf4 Bxf4+ 28. Rxf4 Re8 29. Re6 Kg7 30. Rc6 Re7 31. Rfc4 Rc8 32. Bf3 Kh6 33. b3 b5 34. R4c5 Be4 35. Rxa6 Bxf3 36. gxf3 Re1+ 37. Kb2 Rh1 38. a4 bxa4 39. Rxa4 Rf8 40. Rxc7 Rxf3 41. Rcc4 Rfh3 42. Rd4 R3h2 43. Rac4 Kg7 44. b4 Kf6 45. b5 Re2 46. b6 Re7 47. Rc7 Ree1 48. b7 Rb1+ 49. Kc3 Rb5 50. Rd5 Rhb1 51. Rxb5 Rxb5 52. Kc4 Rb1 53. Kc5 g5 54. Rc6+ Kf5 55. Rb6 1-0